000 00903cam a2200181 4500
001 WB3922-02
008 030616n2003 000 0 eng u
035 _a(Sirsi) u122601
245 _aOutput and employment in the construction industry
260 _c2003
490 _aDTI Press Release
_v(QEC-Q103) 6 June 2003 (2)
520 _aConstruction output in the year to the first quarter of 2003 rose by 7% compared to the previous year. New work rose in the same period despite a decrease in the private industrial sector. The total volume of new work was 9% higher compared with the previous year but was 3% lower in the first quarter compared with the previous quarter. http://www.gnn.gov.uk/gnn/national.nsf/TI/357B3464AF263BE280256D3D0034E081?opendocument
590 _aTEST
650 _aCONSTRUCTION OUTPUT
650 _aCONSTRUCTION EMPLOYMENT
690 _aBUILT ENVIRONMENT
942 _n0
999 _c72853
_d72853